000 01625nas a2200277Ia 4500
001 R262-R6308
003 IT-CnALBA
008 170116c99999999xx |||||||||||| ||und||
040 _aIT-CnALBA
_cIT-CnALBA
041 _aITALIANO
100 _aPIO XII, PAPA PACELLI EUGENIO.
210 _aECCLESIA
222 _aECCLESIA
245 0 _aECCLESIA. RIVISTA MENSILE A CURA DELL'UFFICIO INFORMAZIONI. GENNAIO-DICEMBRE 1945.
250 _a1a ed.
260 _a ROMA
_bVATICANA TIPOGRAFIA POLIGLOTTA
_c1945 [1° Ed.:1945 - Ed.Ling.Originale: 1945]
300 _a608 p.
310 _aMENSILE
362 _aFascicolo: 1-12 / Anno: 4 (1945)
500 _aRADIOMESSAGGIO NATALIZIO. IL CAMMINO DELLA CHIESA NEL TEMPO. PUCCI E. ALESSANDRINI F. CAVALLI F. GESTI L. PIO XII E LA PACE. L'OPERA DEL PAPA PER LA PACE. ATTENUAZIONE MALI DELLA GUERRA. CARITÀ DEL SANTO PADRE. CONTATTO CON I POPOLI. INDICE ANNATA. PAROLA DEL PAPA. ARTICOLI. ECHI RAPPRESENTANZE PONTIFICIE. RASSEGNE. CRONACHE VATICANE. FOTOCRONACA. COPERTINE. TAVOLE FUORI TESTO.
501 _aSocietà San Paolo EM - Piazza San Paolo, 14 - 12051 ALBA (CN) (non commercial uses only) ® Copyright 2017
520 _aRADIOMESSAGGIO NATALIZIO. IL CAMMINO DELLA CHIESA NEL TEMPO. PUCCI E. ALESSANDRINI F. CAVALLI F. GESTI L. PIO XII E LA PACE. L'OPERA DEL PAPA PER LA PACE. ATTENUAZIONE MALI DELLA GUERRA. CARITÀ DEL SANTO PADRE. CONTATTO CON I POPOLI. INDICE ANNATA. PAROLA DEL PAPA. ARTICOLI. ECHI RAPPRESENTANZE PONTIFICIE. RASSEGNE. CRONACHE VATICANE. FOTOCRONACA. COPERTINE. TAVOLE FUORI TESTO.
650 _aECCLESIOLOGIA
942 _cCR
957 _71
999 _a57875
_bSI
_g1
_c324902
_d324902